| Tag |
First Indicator |
Second Indicator |
Subfields |
| LEADER |
00000cam a2200000 a 4500 |
| 001 |
in00002147261 |
| 006 |
m e d # |
| 007 |
cr mn mmmmabba |
| 008 |
810603s1789 vau s f000 0 eng d |
| 005 |
20260331164036.5 |
| 035 |
|
|
|z w010214
|
| 035 |
|
|
|a MAAR8106034404B
|
| 035 |
|
|
|9 mwa91-19998
|
| 035 |
|
|
|a 346334
|
| 035 |
|
|
|a aas03010214
|
| 040 |
|
|
|a MWA
|c MWA
|e bdrb
|d UtOrBLW
|
| 110 |
1 |
|
|a United States.
|
| 240 |
1 |
0 |
|a Act for laying a duty
|
| 245 |
1 |
0 |
|a Congress of the United States, begun and held at the city of New-York, on Wednesday, the fourth of March, one thousand seven hundred and eighty-nine :
|b An act for laying a duty on goods, wares, and merchandises, imported into the United States.
|
| 264 |
|
3 |
|a Richmond :
|b Printed by Aug. Davis,
|c [1789]
|
| 300 |
|
|
|a 1 sheet (2 pages) ;
|c 34 x 21 cm.
|
| 336 |
|
|
|a text
|b txt
|2 rdacontent
|
| 337 |
|
|
|a computer
|b c
|2 rdamedia
|
| 338 |
|
|
|a online resource
|b cr
|2 rdacarrier
|
| 500 |
|
|
|a "Approved--July 4, 1789."-- page 2.
|
| 500 |
|
|
|a Followed by printed certificate: We certify the foregoing to be a true copy of the act of Congress ... compared with the inrollment thereof, signed by the President of the United States, Sam. A. Otis, secretary of the Senate, John Beckley, clerk of the House of Representatives.
|
| 500 |
|
|
|a Imprint from colophon.
|
| 500 |
|
|
|a Text in two columns.
|
| 510 |
4 |
|
|a Bristol
|c B7171
|
| 510 |
4 |
|
|a Shipton & Mooney
|c 45694
|
| 530 |
|
|
|a Microform version available in the Readex Early American Imprints series.
|
| 533 |
|
|
|a Electronic text and image data.
|b [Chester, Vt. :
|c Readex, a division of Newsbank, Inc.,
|d 2002-2004.
|e Includes files in TIFF, GIF and PDF formats with inclusion of keyword searchable text.
|f (Early American imprints. First series ; no. 45694).
|
| 500 |
|
|
|a Electronic resource.
|
| 650 |
|
0 |
|a Tariff
|z United States.
|
| 740 |
0 |
|
|a Act for laying a duty on goods, wares, and merchandises, imported into the United States.
|
| 752 |
|
|
|a United States
|b Virginia
|d Richmond.
|
| 830 |
|
0 |
|a Early American imprints.
|n Series I,
|p Evans (1639-1800) ;
|v no. 45694.
|
| 856 |
4 |
1 |
|u http://proxy.library.tamu.edu/login?url=https://opac.newsbank.com/select/evans/45694
|y Evans Digital Edition
|t 0
|
| 999 |
|
|
|a MARS
|
| 999 |
f |
f |
|s 0b29f202-f8be-30a5-9ead-f7acad3e6244
|i f58652f4-e2d4-3cb7-8129-a51677eed27e
|t 0
|
| 952 |
f |
f |
|a Texas A&M University
|b College Station
|c Electronic Resources
|s www_evans
|d Available Online
|t 0
|h No information provided
|
| 998 |
f |
f |
|t 0
|l Available Online
|